000 00847cam a2200289 a 4500
001 22555
003 SK-KTurca
005 20260401095442.0
008 240315s1991 xo 0000f slo
015 _aSNBA1991/10
020 _a8090045618
035 _aSNK000008557
040 _aSNK
_bslo
_cSNK
_eAACR2
041 0 _aslo
_hfre
044 _axo
_cSK
080 _a840-3
_21981
100 1 _aJuliette
_4aut
245 1 0 _aPrečo ja?
_bSpoveď dnešnej mladej ženy
_cJuliette ; [z francúzskeho originálu preložila Andrea Gryzlová
250 _a1. vyd.
260 _aBratislava
_bLitera
_c1991
300 _a176 s.
_c20 cm
655 7 _afrancúzske romány
_2SNKPH
655 7 _apsychologické romány
_2SNKPH
700 1 _aGryzlová, Andrea,
_d1961-
_4trl
942 _2ddc
_cKLDO
_n0
999 _c22555
_d22555